000 00293 a2200145 4500
001 177545
020 _a84-7773-240-X
040 _cMagnum
240 1 0 _aCenicienta
_lESP
245 1 0 _aCenicienta
300 _a16
362 0 _a1999
697 _aLITERATURA INFANTIL ESPANHOLA
942 _cBK
999 _c177545
_d177545